00543nam a2200181Ii 450000100060000000300090000600800410001504000330005604100080008908200170009710000450011424500430015926400660020230000120026833600260028033700280030633800270033410447CO-ViMGA241108s9999||||xx |||||||||||||| ||und|| aCO-ViMGAbspaerdacCO-ViMGA0 aunk04a398.22-F331a1 aFrancisco Salignae de la Mothe Fenelón10aAventuras de Telémaco hijo de Ulises 1a[Lugar de publicación no identificado] : Espasa Calpe, 1932 avolumen atextbtxt2rdacontent aunmediatedbn2rdamedia avolumebnc2rdacarrier